[Event "Vilafranca del Penedes op 10th"]
[Site "Vilafranca del Penedes"]
[Date "2016.04.22"]
[Round "4.5"]
[White "Sirera Bargallo, Tomas"]
[Black "Garcia Miracle, Joan Josep"]
[Result "1/2-1/2"]
[WhiteElo "2233"]
[BlackElo "2190"]
[PlyCount "81"]
[EventDate "2016.04.01"]
[EventType "swiss"]
[EventRounds "8"]
[EventCountry "ESP"]
[SourceTitle "EXT 2024"]
[Source "ChessBase"]
[SourceDate "2023.10.10"]
[SourceVersion "1"]
[SourceVersionDate "2023.10.10"]
[SourceQuality "1"]

1. e4 c6 2. d3 d5 3. Nd2 e5 4. Ngf3 Bd6 5. g3 Nf6 6. Bg2 0-0 7. 0-0 Qc7 8. b3 Be6 9. Bb2 dxe4 10. dxe4 h6 11. Qe2 Nbd7 12. Nc4 Bxc4 13. Qxc4 Nc5 14. Nh4 Rfe8 15. Nf5 Bf8 16. a4 Ne6 17. Rad1 Rad8 18. b4 g6 19. Ne3 Rxd1 20. Rxd1 Rd8 21. Rxd8 Nxd8 22. Qc3 Nd7 23. Bh3 Nb6 24. Nd5 Nxd5 25. exd5 Qd6 26. Qxe5 Qxe5 27. Bxe5 Bxb4 28. d6 f5 29. Bf6 Ba5 30. Bf1 Kf7 31. Be7 Ke6 32. Bd3 a6 33. g4 b5 34. axb5 cxb5 35. c4 Nf7 36. cxb5 axb5 37. Bxb5 Nxd6 38. Bxd6 Kxd6 39. Be8 fxg4 40. Bxg6 Ke5 41. Kg2 1/2-1/2

[Event "Barcelona Catalunya op 26th"]
[Site "Barcelona"]
[Date "2014.11.22"]
[Round "8"]
[White "Hernando Rodrigo, Julio Antonio"]
[Black "Garcia Miracle, Joan Josep"]
[Result "1-0"]
[WhiteElo "2386"]
[BlackElo "2145"]
[PlyCount "60"]
[EventDate "2014.09.27"]
[EventType "swiss"]
[EventRounds "9"]
[EventCountry "ESP"]
[SourceTitle "EXT 2017"]
[Source "ChessBase"]
[SourceDate "2016.10.25"]
[SourceVersion "1"]
[SourceVersionDate "2016.10.25"]
[SourceQuality "1"]

1. d4 d5 2. Nf3 Nf6 3. c4 c6 4. e3 Bf5 5. Nc3 e6 6. Bd3 Bxd3 7. Qxd3 Nbd7 8. 0-0 Bd6 9. e4 dxe4 10. Nxe4 Nxe4 11. Qxe4 Nf6 12. Qc2 Qc7 13. Re1 0-0 14. Bg5 Rfe8 15. Bxf6 gxf6 16. Re4 f5 17. Rh4 Be7 18. Rh3 Qf4 19. Rg3+ Kf8 20. Ne5 Rad8 21. Qe2 Rxd4 22. Nxf7 Rxc4 23. h3 Bc5 24. Ng5 Qxg3 25. Nxe6+ Kg8 26. Nxc5 Qf4 27. Qxe8+ Kg7 28. Qe7+ Kg6 29. Nd3 Qh4 30. Ne5+ Kh6 1-0

[Event "Barcelona Catalunya op 26th"]
[Site "Barcelona"]
[Date "2014.11.08"]
[Round "6"]
[White "Garcia Miracle, Joan Josep"]
[Black "Flores Linan, Josep Luis"]
[Result "0-1"]
[WhiteElo "2145"]
[BlackElo "2016"]
[PlyCount "60"]
[EventDate "2014.09.27"]
[EventType "swiss"]
[EventRounds "9"]
[EventCountry "ESP"]
[SourceTitle "EXT 2017"]
[Source "ChessBase"]
[SourceDate "2016.10.25"]
[SourceVersion "1"]
[SourceVersionDate "2016.10.25"]
[SourceQuality "1"]

1. d4 Nf6 2. Bg5 Ne4 3. Bf4 d5 4. f3 Nd6 5. Nc3 c6 6. e4 e6 7. Bd3 a6 8. Nge2 Be7 9. 0-0 0-0 10. Kh1 f6 11. Bg3 Nf7 12. f4 f5 13. exf5 exf5 14. a4 Nd6 15. Nb1 Nd7 16. Nd2 Nf6 17. Nf3 Bd7 18. Ne5 Be8 19. c4 Bh5 20. Qb3 Nde4 21. Qxb7 Rb8 22. Qxc6 Rb6 23. cxd5 Rxc6 24. Nxc6 Qe8 25. Bxa6 Bxe2 26. Bxe2 Nxg3+ 27. hxg3 Ne4 28. Rf3 Bd8 29. a5 Nxg3+ 30. Rxg3 Qxe2 0-1

[Event "La Pobla de Lillet op 22nd"]
[Site "La Pobla de Lillet"]
[Date "2012.08.08"]
[Round "8"]
[White "Garcia Miracle, Joan Josep"]
[Black "Aranda Marin, Cristian"]
[Result "0-1"]
[WhiteElo "2059"]
[BlackElo "2324"]
[PlyCount "38"]
[EventDate "2012.08.01"]
[EventType "swiss"]
[EventRounds "9"]
[EventCountry "ESP"]
[SourceTitle "CBM 149 Extra"]
[Source "ChessBase"]
[SourceDate "2012.08.24"]
[SourceVersion "1"]
[SourceVersionDate "2012.08.24"]
[SourceQuality "1"]

1. d4 e6 2. c4 b6 3. e4 Bb7 4. f3 f5 5. exf5 Nh6 6. fxe6 Nf5 7. Bf4 dxe6 8. d5 Bd6 9. Bxd6 Qxd6 10. dxe6 Qe5+ 11. Qe2 Nc6 12. Qxe5 Nxe5 13. Na3 0-0-0 14. Nc2 Rd6 15. Rd1 Rxe6 16. Kf2 Rf8 17. h3 g5 18. Nd4 Rd6 19. Nge2 c5 0-1

[Event "La Pobla de Lillet op 13th"]
[Site "La Pobla de Lillet"]
[Date "2003.??.??"]
[Round "8"]
[White "Garcia Miracle, Joan Josep"]
[Black "Casamitjana Nunez, Andres"]
[Result "0-1"]
[WhiteElo "2106"]
[BlackElo "1838"]
[PlyCount "72"]
[EventDate "2003.08.??"]
[EventType "swiss"]
[EventRounds "9"]
[EventCountry "ESP"]
[SourceTitle "EXT 2005"]
[Source "ChessBase"]
[SourceDate "2004.11.15"]
[SourceVersion "1"]
[SourceVersionDate "2004.11.15"]
[SourceQuality "1"]

1. e4 Nf6 2. e5 Nd5 3. d4 d6 4. c4 Nb6 5. exd6 exd6 6. Nf3 Nc6 7. h3 Bf5 8. Be3 Be7 9. Nc3 0-0 10. Be2 h6 11. Qd2 a6 12. b3 d5 13. c5 Nd7 14. 0-0 Nf6 15. Bf4 Ne4 16. Qb2 Bf6 17. Rfd1 Re8 18. Rac1 Qd7 19. b4 Nxc3 20. Rxc3 Re4 21. Be3 Rae8 22. Rb3 g5 23. Bd3 R4e7 24. Bxf5 Qxf5 25. Qd2 Re4 26. b5 axb5 27. Rxb5 g4 28. hxg4 Rxg4 29. Nh2 Rh4 30. Nf3 Rg4 31. Nh2 Rge4 32. Nf3 Kh7 33. Qd3 Rg8 34. Ne1 Bxd4 35. Bxd4 Nxd4 36. Nf3 Nxf3+ 0-1